000 00790nam a2200229 a 4500
005 20210219160110.0
008 080731s1995 mx r 000 0 spa d
020 _a9682962811
020 _a9682959314
035 _aUPN01000158614
049 _aUNE
080 _a264-2 (726.1/. 2) "1995" RUB.
100 1 _aRubio, Miguel Angel
245 1 0 _aFiestas de los pueblos indígenas; la morada de los santos :
_bExpresiones del cu-.
260 _aMéxico :
_bINI :
_bSEDESOL,
_c1995.
300 _a420 p.
690 _aFiestas religiosas - Grupos étnicos - México (Tabasco)
690 _aActividades culturales - Fiestas religiosas - México (Veraruz)
710 2 _aInstituto Nacional Indigenista (México)
710 1 _aMéxico.
_bSecretaría de Desarrollo Social
905 _aUNESCO
999 _c130728
_d130728